Länder-Nordamerika-Quiz - Statistiken

Allgemein
  • Dieses Quiz wurde 824 mal gespielt
  • Das Durchschnittsergebnis liegt bei 17 aus 23
Antworten auf der Karte
Die Antworten werden auf der Karte rot bzw. grün angezeigt, abhängig davon wie oft sie richtig erraten wurden.
 
Antwortstatistiken
Land % Korrekt
Kanada
99%
Vereinigte Staaten
99%
Mexiko
98%
Kuba
88%
Panama
87%
Jamaika
80%
Costa Rica
79%
Dominikanische Republik
79%
Honduras
79%
Guatemala
77%
Haiti
77%
Bahamas
76%
El Salvador
73%
Nicaragua
70%
Belize
68%
St. Lucia
60%
Barbados
58%
Dominica
57%
St. Kitts und Nevis
56%
St. Vincent und die Grenadinen
56%
Trinidad und Tobago
54%
Antigua und Barbuda
53%
Grenada
49%
Keine übereinstimmenden Quizze gefunden
Verteilung der Resultate
Anzahl Personen mit jedem Resultat
Perzentil nach korrekt beantworteten Fragen
Ihre Resultats-Entwicklung
Sie haben dieses Quiz noch nicht gespielt